000 01723nam0a2200361 i 4500
001 RU\NLR\BIBL_A\010857656
005 20260405143623.0
010 _a9785496017787
_93000
021 _aRU
_b2015-65775
_93932
035 _a(NILC)RuMoRGB-008008185
035 _a(NLR Aleph) 010857656
090 _a10405159
_c10405159
100 _a20151008d2015 um y0rusy50 ca
101 0 _arus
102 _aRU
105 _ay|||z|||000zy
200 1 _aРоковые годы
_fБ. В. Никитин
_gс предисл. Николая Старикова
210 _aСанкт-Петербург [и др.]
_cПитер
_d2015
215 _a316, [1] с.
_d22
225 1 _aНиколай Стариков рекомендует прочитать
300 _aВ конце кн. авт.: полк. Б. Никитин
320 _aБиблиогр. в подстроч. примеч.
333 _a16+
606 1 _aВеликая Октябрьская социалистическая революция
_jВоспоминания, записки и т.п.
_xПодготовка
_z1917
_9901964
_3RU\NLR\auth\667999
606 1 _aКонтрразведка русская
_jВоспоминания, записки и т.п.
_xИстория
_92188677
_3RU\NLR\auth\661315795
607 _aРоссия
_jВоспоминания, записки и т.п.
_xИстория
_z1917
_92250871
_3RU\NLR\auth\661350120
686 _aТ3(2)711,02
700 1 _7ca
_8rus
_aНикитин
_bБ. В.
_cмемуарист
_f1883-1943
_gБорис Владимирович
_942256
_3RU\NLR\AUTH\7759324
801 0 _aRU
_bРГБ
_c20150828
_gRCR
942 _cBOOK
980 _aNBR